Noem de Nederlandse Hanzesteden - 19 Hanzesteden NL - Statistieken

Algemene statistieken
  • Deze quiz is 10 keer genomen
  • De gemiddelde score is 5 van 19
Antwoordstatistieken
Antwoord % Correct
Arnhem
63%
Deventer
63%
Kampen
63%
Zwolle
63%
Groningen
50%
Nijmegen
50%
Zutphen
50%
Elburg
25%
Harderwijk
25%
Bolsward
13%
Doesburg
13%
Hattem
13%
Hasselt
0%
Maasbommel
0%
Oldenzaal
0%
Rijssen
0%
Stavoren
0%
Tiel
0%
Zaltbommel
0%
Geen overeenkomende quizzen gevonden
Scoreverdeling
Procent van Mensen met Elke Score
Percentiel versus Aantal Correcte Antwoorden
Uw Scoregeschiedenis
U heeft deze quiz nog niet genomen